Luxury Consumption in the Artificial Intelligence Era: The Inevitable Evolution

Gespeichert in:
Bibliographische Detailangaben
1. Verfasser: Shumeiko, Natalia, 1972-
Format: Buchkapitel
Sprache:Englisch
Schlagworte:
Tags: Tag hinzufügen
Keine Tags, Fügen Sie das erste Tag hinzu!

MARC

LEADER 00000naa$a2200000$$$4500
001 0311339
005 20250701125709.3
041 0 |a eng 
044 |a MC 
245 1 0 |a Luxury Consumption in the Artificial Intelligence Era: The Inevitable Evolution  |c Natalia Shumeiko 
500 |a Abstrakt 
610 2 0 |a tovar luxusný 
610 2 0 |a inteligencia umelá 
610 2 0 |a vzdelávanie celoživotné 
610 2 0 |a služby zákaznícke 
100 1 |a Shumeiko, Natalia, 1972-